| 000 | 01147cab a2200409 4500 | ||
|---|---|---|---|
| 001 | ABS49939 | ||
| 008 | 090401t1994 xxu||||| |||| 00| 0 eng d | ||
| 035 | _a(Sirsi) u73406 | ||
| 041 | _aeng | ||
| 245 | _aEstates Times Survey : Kent | ||
| 260 | _c1994 | ||
| 350 | _a0 | ||
| 490 |
_aEstates Times _v(1219) 28 January 1994, 11-25(14) |
||
| 650 | _aASHFORD INTERNATIONAL STATION | ||
| 650 | _aBROMLEY | ||
| 650 | _aCANTERBURY | ||
| 650 | _aCHANNEL TUNNEL RAIL LINK | ||
| 650 | _aCHATHAM | ||
| 650 | _aDARTFORD | ||
| 650 | _aDISTRIBUTION MARKET | ||
| 650 | _aGILLINGHAM | ||
| 650 | _aINDUSTRIAL MARKET | ||
| 650 |
_aInfrastructure _96246 |
||
| 650 | _aKENT | ||
| 650 | _aMAIDSTONE | ||
| 650 | _aMEDWAY TUNNEL | ||
| 650 | _aPROPERTY-COMMERCIAL PROPERTY-OFFICE PROPERTY-OFFICE PROPERTY MARKET | ||
| 650 | _aORPINGTON | ||
| 650 | _aPROPERTY-COMMERCIAL PROPERTY-RETAIL PROPERTY-RETAIL PROPERTY MARKET | ||
| 650 | _aROCHESTER | ||
| 650 | _aSEVENOAKS | ||
| 650 | _aTONBRIDGE | ||
| 650 | _aTUNBRIDGE WELLS | ||
| 690 | _aPROPERTY-COMMERCIAL PROPERTY-COMMERCIAL PROPERTY MARKET | ||
| 942 | _n0 | ||
| 948 | _c04/03/1997 | ||
| 999 |
_c46411 _d46411 |
||